2020 Olympics Athletics Gold Medallists by Picture - Statistics

General Stats
  • This quiz has been taken 64 times
  • The average score is 22 of 48
Answer Stats
Picture Hint Answer % Correct
Men's 4 x 100 metres relay Italy
92%
Women's 4 x 100 metres relay Jamaica
92%
Men's 4 x 400 Metres Relay United States of America
92%
Women's 4 x 400 Metres Relay United States of America
92%
Men's Pole Vault Armand Duplantis
85%
Men's 100 Metres Marcell Jacobs
80%
Mixed 4 x 400 Metres Relay Poland
72%
Men's 200 Metres Andre De Grasse
70%
Women's 5000 Metres Sifan Hassan
70%
Women's 10000 Metres Sifan Hassan
70%
Men's 400 Metres Hurdles Karsten Warholm
69%
Women's 100 Metres Elaine Thompson-Herah
66%
Women's 200 Metres Elaine Thompson-Herah
66%
Women's 400 Metres Hurdles Sydney McLaughlin
64%
Men's 1500 Metres Jakob Ingebrigtsen
62%
Men's High Jump Gianmarco Tamberi / Mutaz Essa Barshim
59%
Women's Heptathlon Nafissatou Thiam
59%
Men's Shot Put Ryan Crouser
57%
Men's Marathon Eliud Kipchoge
52%
Women's Triple Jump Yulimar Rojas
51%
Women's 800 Metres Athing Mu
48%
Men's Javelin Throw Neeraj Chopra
48%
Women's 400 Metres Shaunae Miller-Uibo
48%
Men's 3000 Metres Steeplechase Soufiane El Bakkali
48%
Women's 1500 Metres Faith Kipyegon
46%
Men's Decathlon Damian Warner
44%
Men's Long Jump Miltiadis Tentoglou
41%
Men's Discus Throw Daniel Ståhl
39%
Women's 100 Metres Hurdles Jasmine Camacho-Quinn
38%
Women's Long Jump Malaika Mihambo
38%
Women's Hammer Throw Anita Włodarczyk
36%
Men's 400 Metres Steven Gardiner
36%
Men's 5000 Metres Joshua Cheptegei
34%
Women's Discus Throw Valarie Allman
34%
Men's Triple Jump Pedro Pichardo
28%
Men's Hammer Throw Wojciech Nowicki
28%
Men's 110 Metres Hurdles Hansle Parchment
26%
Women's High Jump Mariya Lasitskene
26%
Women's Pole Vault Katie Nageotte
21%
Men's 10000 Metres Selemon Barega
16%
Men's 20 Kilometres Walk Massimo Stano
15%
Women's 3000 Metres Steeplechase Peruth Chemutai
15%
Men's 800 Metres Emmanuel Korir
11%
Women's 20 Kilometres Walk Antonella Palmisano
10%
Women's Shot Put Gong Lijiao
10%
Women's Marathon Peres Jepchirchir
10%
Men's 50 Kilometres Walk Dawid Tomala
8%
Women's Javelin Throw Liu Shiying
2%
No matching quizzes found
Score Distribution
Percent of People with Each Score
Percentile by Number Answered
Your Score History
You have not taken this quiz